| Tag |
First Indicator |
Second Indicator |
Subfields |
| LEADER |
00000cam a2200000Ia 4500 |
| 001 |
in00002000593 |
| 005 |
20220105141712.0 |
| 006 |
m d |
| 007 |
cr cnu---unuuu |
| 008 |
040325s2004 nju sb 001 0 eng d |
| 020 |
|
|
|a 076456949X (electronic bk.)
|
| 035 |
|
|
|a (OCoLC)ocm54808612
|
| 040 |
|
|
|a N$T
|c N$T
|d OCLCQ
|d UtOrBLW
|
| 043 |
|
|
|a e-xr---
|
| 049 |
|
|
|a IKMN
|
| 050 |
1 |
4 |
|a DB2607
|b .F76 2002eb
|
| 082 |
0 |
4 |
|a 914.371204
|2 22
|
| 100 |
1 |
|
|a Mastrini, Hana.
|0 http://id.loc.gov/authorities/names/no98107196
|
| 245 |
1 |
0 |
|a Frommer's Prague & the best of the Czech Republic /
|c by Hana Mastrini.
|
| 246 |
3 |
|
|a Frommer's Prague and the best of the Czech Republic
|
| 246 |
3 |
0 |
|a Prague and the best of the Czech Republic
|
| 250 |
|
|
|a 5th ed.
|
| 264 |
|
1 |
|a Hoboken, NJ :
|b Wiley,
|c [2004]
|
| 264 |
|
4 |
|c ©2004
|
| 336 |
|
|
|a text
|b txt
|2 rdacontent
|
| 337 |
|
|
|a computer
|b c
|2 rdamedia
|
| 338 |
|
|
|a online resource
|b cr
|2 rdacarrier
|
| 538 |
|
|
|a Mode of access: World Wide Web.
|
| 506 |
|
|
|a Made available through NetLibrary; access may be limited to NetLibrary affiliated libraries.
|
| 500 |
|
|
|a Title from ebook title screen (viewed Mar. 25, 2004).
|
| 504 |
|
|
|a Includes bibliographical references and index.
|
| 500 |
|
|
|a Electronic resource.
|
| 651 |
|
0 |
|a Prague (Czech Republic)
|v Guidebooks.
|0 http://id.loc.gov/authorities/subjects/sh2008116642
|
| 651 |
|
0 |
|a Czech Republic
|v Guidebooks.
|
| 655 |
|
7 |
|a Electronic books.
|2 local
|
| 710 |
2 |
|
|a NetLibrary, Inc.
|0 http://id.loc.gov/authorities/names/no99080690
|
| 856 |
4 |
1 |
|u https://proxy.library.tamu.edu/login?url=http://www.netLibrary.com/urlapi.asp?action=summary&v=1&bookid=106954
|z Connect to the full text of this electronic book
|t 0
|
| 994 |
|
|
|a 92
|b IKM
|
| 999 |
|
|
|a MARS
|
| 999 |
f |
f |
|s aeba4236-4cf4-3a09-ac59-cdf8bc3ba747
|i 1f645623-058e-38f8-adf1-de07759170c8
|t 0
|
| 952 |
f |
f |
|a Texas A&M University
|b College Station
|c Electronic Resources
|d Available Online
|t 0
|e DB2607 .F76 2002eb
|h Library of Congress classification
|
| 998 |
f |
f |
|a DB2607 .F76 2002eb
|t 0
|l Available Online
|